Courseware in the classroom : selecting, organizing, and using educational software /

Bibliographic Details
Main Author: Lathrop, Ann
Other Authors: Goodson, Bobby
Format: Book
Language:English
Published: Menlo Park, Calif. : Addison-Wesley, [1983]
Subjects:

MARC

Tag First Indicator Second Indicator Subfields
LEADER 00000cam a2200000 a 4500
001 in00000352521
005 20151011063001.0
008 830606s1983 caua r 00110 eng d
020 |z 0200074 
035 |a (OCoLC)09581130 
035 |9 ABN1483AM 
040 |a TRI  |c TRI  |d TXA  |d UtOrBLW 
049 |a TXAM  |c [1675247] 
090 |a LB1028.5  |b  L38 1983 
100 1 |a Lathrop, Ann. 
245 1 0 |a Courseware in the classroom :  |b selecting, organizing, and using educational software /  |c Ann Lathrop, Bobby Goodson. 
264 1 |a Menlo Park, Calif. :  |b Addison-Wesley,  |c [1983] 
264 4 |c ©1983 
300 |a viii, 187 pages :  |b illustrations ;  |c 24 cm. 
336 |a text  |b txt  |2 rdacontent 
337 |a unmediated  |b n  |2 rdamedia 
338 |a volume  |b nc  |2 rdacarrier 
500 |a Courseware directory to be updated with semi-annual supplements. 
500 |a Includes indexes. 
650 0 |a Computer-assisted instruction  |x Equipment and supplies  |x Handbooks, manuals, etc. 
650 0 |a Microcomputers  |x Equipment and supplies  |x Directories. 
650 0 |a Computer programs  |x Evaluation. 
650 0 |a Cataloging of educational media. 
700 1 |a Goodson, Bobby. 
999 |a MARS 
999 f f |s cb6fbbba-425f-3d6e-8154-d0e7c7f971af  |i 24a81985-91a1-3b70-98c0-9355bcb90686  |t 0 
952 f f |p normal  |a Texas A&M University  |b College Station  |c Sterling C. Evans Library  |d Evans: Library Stacks  |t 0  |e LB1028.5 L38 1983  |h Library of Congress classification  |i unmediated -- volume  |m A14807320000 
998 f f |a LB1028.5 L38 1983  |t 0  |l Evans: Library Stacks